MARC details
| 000 -LEADER |
| campo de control de longitud fija |
01807nam a2200373 i 4500 |
| 001 - NÚMERO DE CONTROL |
| campo de control |
11935 |
| 003 - IDENTIFICADOR DE NÚMERO DE CONTROL |
| campo de control |
ES-MaACL |
| 005 - FECHA Y HORA DE LA ÚLTIMA TRANSACCIÓN |
| campo de control |
20250728182842.0 |
| 007 - CAMPO FIJO DE DESCRIPCIÓN FÍSICA--INFORMACIÓN GENERAL |
| campo de control de longitud fija |
t| |
| 008 - DATOS DE LONGITUD FIJA--INFORMACIÓN GENERAL |
| campo de control de longitud fija |
970113m1969 sp a e |||| |dspa d |
| 020 ## - NÚMERO INTERNACIONAL ESTÁNDAR DEL LIBRO |
| Número Internacional Estándar del Libro |
84-7025-147-3 |
| 080 ## - NÚMERO DE LA CLASIFICACIÓN DECIMAL UNIVERSAL |
| Número de la Clasificación Decimal Universal |
908(460.15)(031) |
| 080 ## - NÚMERO DE LA CLASIFICACIÓN DECIMAL UNIVERSAL |
| Número de la Clasificación Decimal Universal |
821.361.09 |
| 080 ## - NÚMERO DE LA CLASIFICACIÓN DECIMAL UNIVERSAL |
| Número de la Clasificación Decimal Universal |
03=6(460.15) |
| 245 00 - MENCIÓN DEL TÍTULO |
| Título |
Enciclopedia general ilustrada del País Vasco. |
| Número de parte o sección de la obra |
Cuerpo B, |
| Nombre de parte o sección de la obra |
Enciclopedia sistemática. |
| 246 30 - FORMA VARIANTE DEL TITULO |
| Título propio/Titulo breve |
Enciclopedia sistemática. |
| Nombre de parte o sección de la obra |
Arte, lengua y literatura |
| 246 30 - FORMA VARIANTE DEL TITULO |
| Título propio/Titulo breve |
Enciclopedia sistemática. |
| Nombre de parte o sección de la obra |
Juegos y deportes vascos |
| 246 30 - FORMA VARIANTE DEL TITULO |
| Título propio/Titulo breve |
Enciclopedia sistemática. |
| Nombre de parte o sección de la obra |
Historia general de Euskalerria |
| 260 ## - PUBLICACIÓN, DISTRIBUCIÓN, ETC. |
| Lugar de publicación, distribución, etc. |
San Sebastián : |
| Nombre del editor, distribuidor, etc. |
Auñamendi, |
| Fecha de publicación, distribución, etc. |
1969- |
| 300 ## - DESCRIPCIÓN FÍSICA |
| Extensión |
v. : |
| Otras características físicas |
il. ; |
| Dimensiones |
28 cm. |
| 504 ## - NOTA DE BIBLIOGRAFÍA, ETC. |
| Nota de bibliografía, etc. |
Referencias bibliográficas. |
| 505 8# - NOTA DE CONTENIDO CON FORMATO |
| Nota de contenido con formato |
Contiene: ; |
| Título |
Literatura / |
| Mención de responsabilidad |
Bernardo Estornés Lasa (v. 1-5). -- |
| Título |
Juegos y deportes vascos / |
| Mención de responsabilidad |
Rafael Aguirre Franco (v. 6). -- |
| Título |
Etnología y sociología de los vascos / |
| Mención de responsabilidad |
B. Estornés Lasa (v. 7) |
| 505 8# - NOTA DE CONTENIDO CON FORMATO |
| Nota de contenido con formato |
Historia general de Euskalerria: ; |
| Título |
Prehistoria: Paleolítico / |
| Mención de responsabilidad |
Ignacio Barandiarán Maestu (v. 1). -- |
| Título |
Época romana, 221 a. de C.-476 d. de C. / |
| Mención de responsabilidad |
B. Estornés Lasa (v. 2). -- |
| Título |
Época romana: estudios (v. 3) ; |
| -- |
Época vascona, 476-824 / |
| Mención de responsabilidad |
B. Estornés Lasa (v. 4). -- |
| Título |
Época pamplonesa, 824-1234 / |
| Mención de responsabilidad |
B. Estornés Lasa (v. 5-6-7) |
| 546 ## - NOTA DE IDIOMA |
| Nota de lengua/lenguaje |
Texto en castellano y vasco. |
| 650 04 - PUNTO DE ACCESO ADICIONAL DE MATERIA--TÉRMINO DE MATERIA |
| Término de materia o nombre geográfico como elemento de entrada |
Literatura vasca- |
| Subdivisión general |
Historia y crítica. |
| 9 (RLIN) |
14670 |
| 651 #4 - PUNTO DE ACCESO ADICIONAL DE MATERIA--NOMBRE GEOGRÁFICO |
| Nombre geográfico |
País Vasco- |
| Subdivisión de forma |
Enciclopedias. |
| 9 (RLIN) |
9151 |
| 651 #4 - PUNTO DE ACCESO ADICIONAL DE MATERIA--NOMBRE GEOGRÁFICO |
| Nombre geográfico |
País Vasco- |
| Subdivisión general |
Historia. |
| 9 (RLIN) |
9152 |
| 700 1# - ENTRADA AGREGADA--NOMBRE PERSONAL |
| Nombre de persona |
Estornés Lasa, Bernardo, |
| Fechas asociadas al nombre |
1907-1999 |
| 9 (RLIN) |
48183 |
| 700 1# - ENTRADA AGREGADA--NOMBRE PERSONAL |
| Nombre de persona |
Aguirre Franco, Rafael. |
| 9 (RLIN) |
18875 |
| 700 1# - ENTRADA AGREGADA--NOMBRE PERSONAL |
| Nombre de persona |
Barandiarán, Ignacio. |
| 9 (RLIN) |
25309 |
| 710 2# - ENTRADA AGREGADA--NOMBRE DE ENTIDAD CORPORATIVA |
| Nombre de entidad corporativa o nombre de jurisdicción como elemento de entrada |
Auñamendi. |
| 9 (RLIN) |
161483 |
| 852 ## - LOCALIZACIÓN |
| Ubicación |
ES-MaACL |
| Número de control de estantería |
J-81 |
| Encuadernación |
P-369 |
| Signatura antigua |
|